1969 Chiefs Superbowl Roster - Statistics

General Stats
  • This quiz has been taken 10 times
  • The average score is 11 of 23
Answer Stats
Position Player % Correct
Quarterback Len Dawson
100%
Linebacker Bobby Bell
78%
Coach Hank Stram
78%
Linebacker Willie Lanier
78%
Defensive Tackle Buck Buchanan
67%
Runningback Mike Garret
56%
Wide Receiver Otis Taylor
56%
Defensive Tackle Curley Culp
44%
Guard Ed Budde
44%
Cornerback Emmitt Thomas
44%
Tight End Fred Arbanas
44%
Defensive End Jerry Mays
44%
Linebacker Jim Lynch
44%
Offensive Tackle Jim Tyrer
44%
Safety Johnny Robinson
44%
Offensive Tackle Dave Hill
33%
Center E.J. Holub
33%
Fullback Robert Holmes
33%
Defensive End Aaron Brown
22%
Wide Receiver Frank Pitts
22%
Safety Jim Kearney
22%
Cornerback Jim Marsalis
22%
Guard Mo Moorman
22%
No matching quizzes found
Score Distribution
Percent of People with Each Score
Percentile by Number Answered
Your Score History
You have not taken this quiz